| 000 | 02009nam a22003617a 4500 | ||
|---|---|---|---|
| 001 | 42835 | ||
| 003 | gtgccic | ||
| 005 | 20260227124633.0 | ||
| 007 | ta | ||
| 008 | 260226b |||||||| |||| 00| 0 spa d | ||
| 040 |
_agtgccic _bspa _cgtgccic _erda |
||
| 084 | _0TPI-17-0130 | ||
| 100 | 1 | 0 |
_aDora Lucía Hernandez Córdova _dIngeniera Civil _eautor |
| 245 | 1 | 0 |
_aDiseño de un sistema de gestión para la prestación del servicio de agua potable, _bSan Bartolomé Milpas Altas, Sacatepéquez / _cHernández Córdova, Dora Lucía |
| 264 | 1 |
_aGuatemala : _bUSAC, _c2017.- |
|
| 300 |
_a88 p. : _bil. ; _c28 cm |
||
| 336 |
_2rdacontenido _aTexto _btxt |
||
| 337 |
_2rdamedio _asin mediación _bn |
||
| 338 |
_2rdasoporte _avolumen _bnc |
||
| 502 |
_aTesis Postgrado _bMAESTRA EN ARTES EN INGENIERÍA PARA EL DESARROLLO MUNICIPAL _cUSAC, Facultad de Ingeniería, Escuela de Postgrado _d2017 _oTPI-17-0130 |
||
| 504 | _aBibliografía pag. 81 | ||
| 505 | _t1. ANTECEDENTES | ||
| 505 | _t2. MARCO TEÓRICO | ||
| 505 | _t3. PRESENTACIÓN DE RESULTADOS | ||
| 505 | _t4. DISCUSIÓN DE RESULTADOS | ||
| 505 | _t5. SISTEMA DE GESTIÓN PARA LA PRESTACIÓN DEL SERVICIO DE AGUA POTABLE | ||
| 520 | 3 | _aEn Guatemala, la gestión pública a nivel local se encuentra a cargo de las municipalidades, y con ello, la prestación de los servicios básicos. La situación de los servicios públicos básicos en los muncipios indica que se ha hecho muy poco para mejorar su prestación, en el caso específico del servicio de agua potable, su complejidad agrava la situación. El déficit de cobertura, calidad del servicio y subsidio por parte de la municipalidad de San Bartolomé Milpas Altas, para el servicio de agua potable, sugiere la necesidad de un cambio en la administración municipal, que se propone sea la implementación de la nueva gestión pública. | |
| 650 | _aAGUA | ||
| 650 | _aABASTECIMIENTO DE AGUA | ||
| 700 |
_aMSc. Inga. Ana Victoria Rodríguez _easesor |
||
| 942 |
_2ddc _cTPS |
||
| 945 | _aamlo | ||
| 999 |
_c2686 _d2686 |
||